[Event "Ricany op"]
[Site "Ricany"]
[Date "2024.07.03"]
[Round "6"]
[White "Hronik, Petr"]
[Black "Verner, Matej"]
[Result "0-1"]
[WhiteElo "1907"]
[BlackElo "2043"]
[PlyCount "118"]
[EventDate "2024.06.29"]
[EventType "swiss"]
[EventRounds "9"]
[EventCountry "CZE"]
[SourceTitle "CBM 221 Extra"]
[Source "ChessBase"]
[SourceDate "2024.09.30"]
[SourceVersion "1"]
[SourceVersionDate "2024.09.30"]
[SourceQuality "1"]

1. d4 g6 2. c3 Bg7 3. Bf4 d6 4. e3 Nd7 5. Nf3 e5 6. dxe5 dxe5 7. Bg3 Qe7 8. Nbd2 Ngf6 9. Be2 0-0 10. 0-0 b6 11. h3 Bb7 12. Qc2 h6 13. Rfd1 Nh5 14. Bh2 f5 15. Rac1 Kh8 16. e4 f4 17. b4 Nhf6 18. Ne1 h5 19. f3 g5 20. Nd3 Bh6 21. Nf2 Rf7 22. Qb2 Rh7 23. Rc2 Bf8 24. a3 Qg7 25. c4 Bc6 26. Rdc1 Qh6 27. Kf1 g4 28. fxg4 hxg4 29. Bxg4 Re8 30. Rc3 Rg7 31. Bf5 Qh5 32. Ng4 Nxg4 33. hxg4 Qf7 34. Rh3+ Kg8 35. Nf3 Bd6 36. g5 Qe7 37. Qf2 Nf8 38. Qh4 Nh7 39. g3 fxg3 40. Bxg3 Rf8 41. Qg4 Nxg5 42. Bh4 Nxh3 43. Qxh3 Rf6 44. Bxf6 Qxf6 45. Qh5 a5 46. c5 Bb5+ 47. Kf2 bxc5 48. bxc5 Be7 49. Qh3 Be8 50. Rh1 Bxc5+ 51. Ke1 Kf7 52. Qh2 Bd6 53. Qa2+ Ke7 54. Qd5 Bd7 55. Bxd7 Kxd7 56. Qb5+ Ke7 57. Rh8 Qxf3 58. Qe8+ Kf6 59. Rh6+ Kg5 0-1

[Event "Ricany op"]
[Site "Ricany"]
[Date "2024.07.02"]
[Round "5"]
[White "Rossler, Erik"]
[Black "Hronik, Petr"]
[Result "0-1"]
[WhiteElo "1797"]
[BlackElo "1907"]
[PlyCount "84"]
[EventDate "2024.06.29"]
[EventType "swiss"]
[EventRounds "9"]
[EventCountry "CZE"]
[SourceTitle "CBM 221 Extra"]
[Source "ChessBase"]
[SourceDate "2024.09.30"]
[SourceVersion "1"]
[SourceVersionDate "2024.09.30"]
[SourceQuality "1"]

1. e4 d5 2. exd5 Nf6 3. d4 Bg4 4. Nf3 Qxd5 5. Be2 Nc6 6. c4 Qh5 7. Be3 0-0-0 8. Nc3 e5 9. d5 e4 10. Nd2 Bxe2 11. Qxe2 Qxe2+ 12. Kxe2 Ne5 13. Bd4 Re8 14. Bxe5 Rxe5 15. Rhe1 Bc5 16. Nb3 Bb4 17. Rac1 Rhe8 18. a3 Bf8 19. h3 Nd7 20. Nb5 a6 21. N5d4 Bc5 22. Rcd1 Ba7 23. Kf1 h5 24. f4 exf3 25. Nxf3 Rxe1+ 26. Rxe1 Rxe1+ 27. Kxe1 f6 28. Ke2 Nf8 29. Nbd4 Kd7 30. Kd3 g6 31. Nd2 c6 32. Ne4 Nh7 33. dxc6+ bxc6 34. b4 f5 35. Nd2 Ng5 36. N2f3 Nf7 37. Ne2 Bb8 38. Ke3 Ne5 39. Nxe5+ Bxe5 40. Nf4 Bb2 41. a4 Bc1+ 42. Kf3 g5 0-1

[Event "CZE-ch U10"]
[Site "Teplice"]
[Date "2023.11.16"]
[Round "4"]
[White "Hronik, Petr"]
[Black "Fadrny, Jonas"]
[Result "0-1"]
[WhiteElo "1000"]
[BlackElo "1317"]
[PlyCount "74"]
[EventDate "2023.11.15"]
[EventType "swiss"]
[EventRounds "9"]
[EventCountry "CZE"]
[SourceTitle "CBM 217 Extra"]
[Source "ChessBase"]
[SourceDate "2024.01.31"]
[SourceVersion "1"]
[SourceVersionDate "2024.01.31"]
[SourceQuality "1"]

1. e4 c6 2. d4 d5 3. e5 Bf5 4. Bd3 Bg6 5. Nc3 e6 6. Nf3 Bb4 7. Bd2 Bxd3 8. cxd3 Bxc3 9. bxc3 h6 10. 0-0 Ne7 11. c4 0-0 12. Qb3 b6 13. c5 bxc5 14. dxc5 Nd7 15. d4 f6 16. Rfe1 fxe5 17. Nxe5 Nxe5 18. Rxe5 Ng6 19. Rxe6 Ne7 20. Rae1 Nf5 21. Rxc6 Nxd4 22. Qd3 Nxc6 23. Qg6 Qf6 24. Qxf6 Rxf6 25. Bc3 d4 26. Bd2 Raf8 27. f3 Rf5 28. Rc1 Re8 29. g4 Rxf3 30. g5 Re2 31. gxh6 Rxd2 32. hxg7 Rff2 33. Kh1 Ne5 34. c6 Nxc6 35. h4 Kxg7 36. Rg1+ Kh6 37. a4 Rh2# 0-1

[Event "Tatry op"]
[Site "Tatranske Zruby"]
[Date "2018.10.05"]
[Round "7"]
[White "Hronik, Petr"]
[Black "Havelka, Ondrej"]
[Result "0-1"]
[WhiteElo "1899"]
[BlackElo "2150"]
[PlyCount "52"]
[EventDate "2018.09.30"]
[EventType "swiss"]
[EventRounds "9"]
[EventCountry "SVK"]
[SourceTitle "CBM 186 Extra"]
[Source "ChessBase"]
[SourceDate "2018.08.24"]
[SourceVersion "1"]
[SourceVersionDate "2018.08.24"]
[SourceQuality "1"]

1. d4 d5 2. Bf4 Nf6 3. e3 c5 4. c3 Nc6 5. Nf3 Qb6 6. Qb3 c4 7. Qxb6 axb6 8. Nbd2 b5 9. a3 Bf5 10. Rc1 h6 11. Be2 e6 12. Bd1 Nd7 13. Bc2 Bxc2 14. Rxc2 b4 15. 0-0 b3 16. Rcc1 g5 17. Bg3 f5 18. Ne5 Ncxe5 19. dxe5 Nc5 20. Nf3 Kf7 21. Ne1 Na4 22. Rb1 Bxa3 23. bxa3 Nxc3 24. Rb2 Rxa3 25. Nf3 b5 26. Nd4 Rha8 0-1

[Event "Czech Fed-ch opA"]
[Site "Hrdonov"]
[Date "2013.10.31"]
[Round "7"]
[White "Hronik, Petr"]
[Black "Slampa, Jan"]
[Result "0-1"]
[WhiteElo "1960"]
[BlackElo "2097"]
[PlyCount "78"]
[EventDate "2013.10.26"]
[EventType "swiss"]
[EventRounds "9"]
[EventCountry "CZE"]
[SourceTitle "EXT 2016"]
[Source "ChessBase"]
[SourceDate "2015.10.08"]
[SourceVersion "1"]
[SourceVersionDate "2015.10.08"]
[SourceQuality "1"]

1. d4 Nf6 2. Bf4 g6 3. c3 Bg7 4. e3 d6 5. Be2 0-0 6. h4 Nbd7 7. Nf3 h5 8. Ng5 e5 9. dxe5 dxe5 10. Bg3 Qe7 11. Nd2 Nb6 12. Qc2 Bg4 13. f3 Bd7 14. e4 Nh7 15. Nxh7 Kxh7 16. 0-0-0 a5 17. Bf2 Bh6 18. Kb1 Be6 19. g4 hxg4 20. fxg4 Bf4 21. h5 g5 22. Nf1 Nc4 23. Bxc4 Bxc4 24. Ne3 Bxe3 25. Bxe3 Be6 26. Qf2 b6 27. Rd2 f6 28. Qf3 Qf7 29. Ka1 Rad8 30. Rhd1 Rxd2 31. Rxd2 Qe8 32. b3 Qe7 33. Kb2 a4 34. c4 axb3 35. axb3 Ra8 36. Kc3 b5 37. c5 b4+ 38. Kd3 Ra3 39. Ke2 Rxb3 0-1

[Event "Czech Fed-ch opA"]
[Site "Hrdonov"]
[Date "2013.10.26"]
[Round "1"]
[White "Hronik, Petr"]
[Black "Bobek, Daniel"]
[Result "1-0"]
[WhiteElo "1960"]
[BlackElo "1694"]
[PlyCount "37"]
[EventDate "2013.10.26"]
[EventType "swiss"]
[EventRounds "9"]
[EventCountry "CZE"]
[SourceTitle "EXT 2016"]
[Source "ChessBase"]
[SourceDate "2015.10.08"]
[SourceVersion "1"]
[SourceVersionDate "2015.10.08"]
[SourceQuality "1"]

1. d4 Nf6 2. Bf4 d6 3. Nf3 g6 4. e3 Bg7 5. c3 0-0 6. Be2 b6 7. Nbd2 Bb7 8. h4 Nbd7 9. Rg1 h5 10. Ng5 e5 11. dxe5 Nxe5 12. Bxe5 dxe5 13. g4 Nh7 14. gxh5 Nxg5 15. hxg5 Qd7 16. hxg6 Qh3 17. Qb3 Qh2 18. 0-0-0 Qxf2 19. gxf7+ 1-0

[Event "Tatry op"]
[Site "Tatranske Zruby"]
[Date "2012.09.29"]
[Round "8"]
[White "Hronik, Petr"]
[Black "Kolesar, Milan"]
[Result "1-0"]
[WhiteElo "1956"]
[BlackElo "2173"]
[PlyCount "49"]
[EventDate "2012.09.23"]
[EventType "swiss"]
[EventRounds "9"]
[EventCountry "SVK"]
[SourceTitle "CBM 150 Extra"]
[Source "ChessBase"]
[SourceDate "2012.10.19"]
[SourceVersion "1"]
[SourceVersionDate "2012.10.19"]
[SourceQuality "1"]

1. d4 d5 2. Bf4 Nf6 3. e3 c5 4. c3 Qb6 5. Qb3 Nc6 6. Qxb6 axb6 7. Bc7 Nd7 8. Na3 c4 9. Nb5 Ra5 10. a4 e6 11. Bf4 f6 12. e4 Na7 13. Nc7+ Kf7 14. exd5 exd5 15. Nxd5 Rxd5 16. Bxc4 Ke6 17. 0-0-0 Kf5 18. Bxd5 Kxf4 19. h4 Kg4 20. Bf7 Bd6 21. f3+ Kg3 22. Ne2+ Kf2 23. Kd2 Kxg2 24. Rhg1+ Kh2 25. Ke3 1-0

[Event "Tatry op"]
[Site "Tatranske Zruby"]
[Date "2012.09.27"]
[Round "6"]
[White "Kaucky, Jaroslav"]
[Black "Hronik, Petr"]
[Result "1/2-1/2"]
[WhiteElo "1763"]
[BlackElo "1956"]
[PlyCount "38"]
[EventDate "2012.09.23"]
[EventType "swiss"]
[EventRounds "9"]
[EventCountry "SVK"]
[SourceTitle "EXT 2023"]
[Source "ChessBase"]
[SourceDate "2022.10.05"]
[SourceVersion "1"]
[SourceVersionDate "2022.10.05"]
[SourceQuality "1"]

1. e4 d5 2. exd5 Nf6 3. Nf3 Nxd5 4. Bc4 c6 5. 0-0 Bg4 6. d4 e6 7. a3 Bd6 8. c3 Qc7 9. g3 Nd7 10. Nbd2 0-0-0 11. Be2 h6 12. c4 N5f6 13. c5 Be7 14. Qa4 Kb8 15. b4 Nd5 16. Bb2 h5 17. b5 h4 18. bxc6 bxc6 19. Rfb1 Bf5 1/2-1/2

[Event "Tatry op"]
[Site "Tatranske Zruby"]
[Date "2012.09.25"]
[Round "3"]
[White "Hronik, Petr"]
[Black "Vanka, Miloslav"]
[Result "0-1"]
[WhiteElo "1956"]
[BlackElo "2129"]
[PlyCount "56"]
[EventDate "2012.09.23"]
[EventType "swiss"]
[EventRounds "9"]
[EventCountry "SVK"]
[SourceTitle "CBM 150 Extra"]
[Source "ChessBase"]
[SourceDate "2012.10.19"]
[SourceVersion "1"]
[SourceVersionDate "2012.10.19"]
[SourceQuality "1"]

1. Nf3 f5 2. e4 fxe4 3. Ng5 Nf6 4. d3 e3 5. Bxe3 e5 6. Ne4 d5 7. Nxf6+ Qxf6 8. d4 Bd6 9. dxe5 Qxe5 10. Qd4 Nc6 11. Qxe5+ Bxe5 12. c3 0-0 13. Bd3 Bd6 14. 0-0 Ne5 15. Be2 Ng4 16. Bxg4 Bxg4 17. h3 Bh5 18. Nd2 c5 19. Nb3 b6 20. f3 Rfe8 21. Rfe1 a5 22. Bf2 Bf4 23. Rad1 Bf7 24. g3 Be5 25. f4 Bf6 26. Rxe8+ Rxe8 27. Re1 a4 28. Rxe8+ Bxe8 0-1

[Event "Tatry op"]
[Site "Tatranske Zruby"]
[Date "2012.09.25"]
[Round "4"]
[White "Malinovsky, Jozef"]
[Black "Hronik, Petr"]
[Result "0-1"]
[WhiteElo "1837"]
[BlackElo "1956"]
[PlyCount "108"]
[EventDate "2012.09.23"]
[EventType "swiss"]
[EventRounds "9"]
[EventCountry "SVK"]
[SourceTitle "EXT 2023"]
[Source "ChessBase"]
[SourceDate "2022.10.05"]
[SourceVersion "1"]
[SourceVersionDate "2022.10.05"]
[SourceQuality "1"]

1. c4 Nf6 2. d4 b6 3. Nc3 Bb7 4. Qc2 g6 5. e4 d6 6. Bd3 Bg7 7. Be3 0-0 8. f4 Nbd7 9. h3 c5 10. Nf3 cxd4 11. Bxd4 Nc5 12. Bxc5 bxc5 13. 0-0-0 Qa5 14. g4 Nd7 15. a3 Bxc3 16. Qxc3 Qxc3+ 17. bxc3 Rab8 18. Nd2 Bc6 19. Bc2 Nb6 20. Rhg1 Rb7 21. Rdf1 Rfb8 22. e5 Na4 23. Rg3 dxe5 24. fxe5 Rb2 25. g5 Ra2 26. Nb1 Rbb2 27. Bd3 e6 28. h4 Rh2 29. Rd1 Nb6 30. Rgg1 Rxh4 31. Rd2 Rxd2 32. Nxd2 Rh3 33. Be4 Ba4 34. Kb2 Re3 35. Rg2 Bd1 36. Kc1 Be2 37. Kc2 Bxc4 38. Rg1 Bd5 39. Rg4 c4 40. Bg2 Na4 41. Bxd5 exd5 42. Nb1 Re2+ 43. Kc1 Nc5 44. Kd1 Rxe5 45. Nd2 Nd3 46. Rg1 Nf2+ 47. Kc1 Nh3 48. Rg4 Nxg5 49. Nxc4 dxc4 50. Rxc4 Ne6 51. Rc8+ Kg7 52. Kc2 h5 53. Rc4 g5 54. Ra4 a5 0-1

[Event "Tatry op"]
[Site "Tatranske Zruby"]
[Date "2012.09.24"]
[Round "2"]
[White "Masak, Pavel"]
[Black "Hronik, Petr"]
[Result "1-0"]
[WhiteElo "2083"]
[BlackElo "1956"]
[PlyCount "47"]
[EventDate "2012.09.23"]
[EventType "swiss"]
[EventRounds "9"]
[EventCountry "SVK"]
[SourceTitle "CBM 150 Extra"]
[Source "ChessBase"]
[SourceDate "2012.10.19"]
[SourceVersion "1"]
[SourceVersionDate "2012.10.19"]
[SourceQuality "1"]

1. c4 Nf6 2. Nc3 g6 3. Nf3 Bg7 4. d3 d5 5. cxd5 Nxd5 6. Bd2 Nxc3 7. Bxc3 Bxc3+ 8. bxc3 b6 9. g3 Bb7 10. Bg2 e6 11. Qd2 Qf6 12. 0-0 Nd7 13. Ne5 Bxg2 14. Nxd7 Kxd7 15. Kxg2 h5 16. d4 Rad8 17. Qd3 Qf5 18. e4 Qa5 19. a4 a6 20. Qf3 f5 21. d5 Ke7 22. Qf4 Rd6 23. c4 exd5 24. Qe5+ 1-0

[Event "Nachod op"]
[Site "Nachod"]
[Date "2012.07.03"]
[Round "4"]
[White "Horak, Jiri"]
[Black "Hronik, Petr"]
[Result "1-0"]
[WhiteElo "2185"]
[BlackElo "1955"]
[PlyCount "37"]
[EventDate "2012.06.30"]
[EventType "swiss"]
[EventRounds "9"]
[EventCountry "CZE"]
[SourceTitle "CBM 149 Extra"]
[Source "ChessBase"]
[SourceDate "2012.08.24"]
[SourceVersion "1"]
[SourceVersionDate "2012.08.24"]
[SourceQuality "1"]

1. d4 d5 2. Nf3 Nf6 3. c4 dxc4 4. Nc3 g6 5. e4 Bg7 6. Bxc4 0-0 7. h3 c6 8. a4 a5 9. 0-0 Na6 10. Qe2 Nd7 11. Bg5 Nb6 12. Bb3 Nb4 13. Rad1 Qc7 14. Qe3 e6 15. Bf4 Qe7 16. d5 Nd7 17. dxe6 fxe6 18. Bd6 Qf6 19. e5 1-0

[Event "Ricany op-A"]
[Site "Ricany"]
[Date "2011.08.21"]
[Round "3"]
[White "Hajek, Jiri2"]
[Black "Hronik, Petr"]
[Result "1/2-1/2"]
[WhiteElo "1847"]
[BlackElo "1966"]
[PlyCount "80"]
[EventDate "2011.08.20"]
[EventType "swiss"]
[EventRounds "9"]
[EventCountry "CZE"]
[SourceTitle "CBM 144 Extra"]
[Source "ChessBase"]
[SourceDate "2011.10.28"]
[SourceVersion "1"]
[SourceVersionDate "2011.10.28"]
[SourceQuality "1"]

1. d4 d5 2. Nf3 g6 3. Bg5 Bg7 4. e3 c6 5. Bd3 Nf6 6. Nbd2 0-0 7. 0-0 Re8 8. Rc1 Bg4 9. c3 Nbd7 10. Qe1 Bxf3 11. gxf3 e5 12. Kh1 exd4 13. cxd4 Nf8 14. Rg1 Ne6 15. Bxf6 Qxf6 16. Qf1 Bf8 17. f4 Bd6 18. f5 Ng7 19. Qh3 Kf8 20. Qh6 Ke7 21. e4 Qxd4 22. exd5 Bf4 23. Rce1+ Kd7 24. Nf3 Bxh6 25. dxc6+ bxc6 26. Nxd4 Kc7 27. fxg6 hxg6 28. Bc4 Rxe1 29. Rxe1 Rd8 30. Nb3 f5 31. Kg2 g5 32. Nc5 Rd4 33. Ne6+ Nxe6 34. Bxe6 f4 35. Kf3 Rd2 36. Re2 Rxe2 37. Kxe2 Kd6 38. Bc8 Bg7 39. b3 Kc5 40. a4 Kd4 1/2-1/2

[Event "Tatry op"]
[Site "Tatranske Zruby"]
[Date "2010.10.04"]
[Round "3"]
[White "Hujo, Jozef"]
[Black "Hronik, Petr"]
[Result "1-0"]
[WhiteElo "2094"]
[BlackElo "1978"]
[PlyCount "95"]
[EventDate "2010.10.02"]
[EventType "swiss"]
[EventRounds "9"]
[EventCountry "SVK"]
[SourceTitle "CBM 138 Extra"]
[Source "ChessBase"]
[SourceDate "2010.10.29"]
[SourceVersion "1"]
[SourceVersionDate "2010.10.29"]
[SourceQuality "1"]

1. c4 g6 2. Nc3 Bg7 3. g3 c6 4. Bg2 e6 5. e4 Ne7 6. h4 Na6 7. h5 Nc7 8. d4 d5 9. cxd5 exd5 10. h6 Bf8 11. Bg5 Be6 12. Nge2 Qd7 13. Bf6 Rg8 14. e5 0-0-0 15. Na4 Na6 16. Nf4 Re8 17. Bf1 b5 18. Rc1 Kb7 19. Nc3 Nf5 20. Bg5 Nc7 21. g4 Ne7 22. f3 Ra8 23. Nb1 Nc8 24. Nd2 Nb6 25. Nb3 a5 26. Nd3 Na4 27. Ndc5+ Nxc5 28. Nxc5+ Bxc5 29. Rxc5 Na6 30. Rc1 Rgc8 31. Qd2 Kb6 32. Be3 Qe7 33. a3 f6 34. Kf2 a4 35. exf6 Qxf6 36. Kg3 Bd7 37. Be2 Rf8 38. Bg5 Qd6+ 39. Bf4 Qf6 40. Be5 Qf7 41. f4 Rac8 42. Rc2 Qe6 43. Bf3 Nc7 44. Re1 Qf7 45. Bxc7+ Rxc7 46. Re5 Re8 47. Qe3 Be6 48. Re2 1-0

[Event "Kesarovski Georgiev Memorial 9th"]
[Site "Sunny Beach"]
[Date "2010.09.05"]
[Round "9"]
[White "Hronik, Petr"]
[Black "Kosturska, Yoana"]
[Result "1-0"]
[WhiteElo "1978"]
[BlackElo "1826"]
[PlyCount "46"]
[EventDate "2010.08.28"]
[EventType "swiss"]
[EventRounds "9"]
[EventCountry "BUL"]
[SourceTitle "CBM 138 Extra"]
[Source "ChessBase"]
[SourceDate "2010.10.29"]
[SourceVersion "1"]
[SourceVersionDate "2010.10.29"]
[SourceQuality "1"]

1. d4 c5 2. c3 b6 3. Bf4 Bb7 4. Nf3 Nf6 5. e3 e6 6. Nbd2 a6 7. Bd3 b5 8. 0-0 d6 9. Re1 Nbd7 10. e4 Be7 11. e5 dxe5 12. dxe5 Nh5 13. Be3 f5 14. exf6 Ndxf6 15. Qe2 Nd5 16. Be4 Nhf6 17. Bxd5 Nxd5 18. Rad1 0-0 19. Ne4 Qc8 20. Bg5 Bxg5 21. Nfxg5 h6 22. Nd6 Nf4 23. Qc2 Qc6 1-0

[Event "Kesarovski Georgiev Memorial 9th"]
[Site "Sunny Beach"]
[Date "2010.09.01"]
[Round "5"]
[White "Hronik, Petr"]
[Black "Dmochowska, Agnieszka"]
[Result "1-0"]
[WhiteElo "1978"]
[BlackElo "1597"]
[PlyCount "153"]
[EventDate "2010.08.28"]
[EventType "swiss"]
[EventRounds "9"]
[EventCountry "BUL"]
[SourceTitle "CBM 138 Extra"]
[Source "ChessBase"]
[SourceDate "2010.10.29"]
[SourceVersion "1"]
[SourceVersionDate "2010.10.29"]
[SourceQuality "1"]

1. d4 d5 2. Nf3 e6 3. Bf4 c5 4. e3 Nc6 5. c3 Bd6 6. Bg3 Nge7 7. Nbd2 0-0 8. Bd3 cxd4 9. exd4 Nf5 10. Bc2 h6 11. Nf1 Qc7 12. Bxd6 Nxd6 13. Ne3 Bd7 14. g4 Qd8 15. Rg1 Rc8 16. Qe2 Ne4 17. g5 h5 18. Bxe4 dxe4 19. Nd2 g6 20. Nxe4 Qc7 21. Nf6+ Kg7 22. Qf3 Rfd8 23. Nxh5+ Kf8 24. Nf6 Ke7 25. Ne4 Kf8 26. Rg3 Ne7 27. Rh3 Nf5 28. Nxf5 exf5 29. Nf6 Bc6 30. Qg3 Qe7+ 31. Qe3 Qc7 32. Qe5 Qxe5+ 33. dxe5 Bg2 34. Rh8+ Ke7 35. Rxd8 Rxd8 36. Rd1 Rc8 37. Rd7+ Kf8 38. Kd2 Bc6 39. Rd4 Ke7 40. c4 Ke6 41. b4 Kxe5 42. Ke3 Rh8 43. h4 a6 44. b5 axb5 45. cxb5 Bg2 46. a4 Rc8 47. Nd7+ Ke6 48. Nb6 Rc3+ 49. Kd2 Rf3 50. Ke2 Ra3 51. Rd6+ Kxd6 52. Nc4+ Kc5 53. Nxa3 Kb4 54. Nc2+ Kxa4 55. Nd4 Bd5 56. Ke3 Bc4 57. Nxf5 gxf5 58. Kf4 Be2 59. f3 Bxb5 60. h5 f6 61. g6 Be8 62. g7 Bf7 63. Kxf5 b5 64. h6 Bg8 65. Kg6 b4 66. h7 Bxh7+ 67. Kxh7 b3 68. g8Q Ka3 69. Qa8+ Kb2 70. Kg6 Kc2 71. Qc6+ Kb1 72. Kxf6 b2 73. f4 Ka1 74. Qa4+ Kb1 75. f5 Kc1 76. Qa3 Kc2 77. Qxb2+ 1-0

[Event "Novy Bor op"]
[Site "Novy Bor"]
[Date "2010.02.20"]
[Round "9"]
[White "Hronik, Petr"]
[Black "Cakl, Zdenek"]
[Result "1/2-1/2"]
[WhiteElo "1966"]
[BlackElo "2116"]
[PlyCount "58"]
[EventDate "2010.02.13"]
[EventType "swiss"]
[EventRounds "9"]
[EventCountry "CZE"]
[SourceTitle "CBM 134 Extra"]
[Source "ChessBase"]
[SourceDate "2010.03.03"]
[SourceVersion "1"]
[SourceVersionDate "2010.03.03"]
[SourceQuality "1"]

1. d4 d5 2. Nf3 e6 3. Bf4 f5 4. e3 Nf6 5. Nbd2 Be7 6. Be2 0-0 7. c3 Ne4 8. h4 Nd7 9. h5 Bf6 10. Rc1 c6 11. c4 Qe7 12. c5 e5 13. dxe5 Nxe5 14. Nxe5 Bxe5 15. Bxe5 Qxe5 16. Qc2 f4 17. Nxe4 dxe4 18. exf4 Qxf4 19. 0-0 Be6 20. Bc4 Bd5 21. Rcd1 Rad8 22. Rd4 Kh8 23. Rfd1 Qg5 24. Bxd5 Rxd5 25. Rxd5 cxd5 26. Qd2 Qf5 27. b4 h6 28. a4 Rf6 29. b5 Kh7 1/2-1/2

[Event "Cesky Krumlov op 3rd"]
[Site "Cesky Krumlov"]
[Date "2009.11.21"]
[Round "9"]
[White "Paldus, Petr"]
[Black "Hronik, Petr"]
[Result "1-0"]
[WhiteElo "2041"]
[BlackElo "1978"]
[PlyCount "71"]
[EventDate "2009.11.14"]
[EventType "swiss"]
[EventRounds "9"]
[EventCountry "CZE"]
[SourceTitle "EXT 2010"]
[Source "ChessBase"]
[SourceDate "2010.11.25"]
[SourceVersion "1"]
[SourceVersionDate "2010.11.25"]
[SourceQuality "1"]

1. e4 d5 2. exd5 Nf6 3. d4 Bg4 4. Be2 Bxe2 5. Qxe2 Qxd5 6. Nf3 e6 7. Nc3 Bb4 8. 0-0 Bxc3 9. bxc3 0-0 10. Bf4 c6 11. Rfe1 Nbd7 12. Ne5 Nxe5 13. dxe5 Ne8 14. Qg4 Qc4 15. Qg3 f6 16. Red1 fxe5 17. Bxe5 Qe4 18. Rd3 Qg6 19. Qxg6 hxg6 20. Rd7 Rf7 21. Rad1 Rxd7 22. Rxd7 b6 23. Re7 c5 24. Kf1 Kf8 25. Rb7 Nf6 26. Bxf6 gxf6 27. h4 Re8 28. Rxa7 Re7 29. Rxe7 Kxe7 30. Ke2 e5 31. g4 f5 32. f3 b5 33. c4 b4 34. gxf5 gxf5 35. Kd3 Kf6 36. c3 1-0